Statistics for The Kite Runner Characters

Click here to take the quiz!

General Stats

  • This quiz has been taken 22 times
  • The average score is 10 of 17

Answer Stats

#DescriptionCharacter% Correct
1Narrator and protagonistAmir
100%
2Childhood playmate and servant of 1Hassan
100%
4Servant of 3, walks with a limpAli
94%
6Bully who grows up to be a Taliban memberAssef
94%
3Father of 1Baba
94%
5Son of 2; is sexually abusedSohrab
89%
10Wife of 1Soraya
89%
7Friend of 3; reads 1's storiesRahim Khan
78%
11Father of 10; typical Afghan fatherGeneral Taheri
44%
81's driver in AfghanistanFarid
39%
9Mother of 2; runs away after his birthSanaubar
39%
16Wife of 2 and mother of 5Farzana
33%
12Mother of 10; typical Afghan motherJamila
33%
13Helps 6 rape 2; gets raped himselfKamal
33%
17Helps 6 rape 2Wali
28%
15Mother of 1; dies during childbirthSofia Akrami
22%
14Uncle of 10; helps get 5 to the United StatesSharif
17%

Score Distribution

Percentile by Number Answered

Percent of People with Each Score

Your Score History

You have not taken this quiz